000 01049nam a2200277 i 4500
003 DO-SdBNP
005 20250311154750.0
007 ta
008 210216e2020 dr ||||er|||| 001 0dspa d
020 _a9789945613537
040 _aDO-SdBNP
_bspa
_cBNPHU
_espa
082 4 _aBNPHU
_bD542d
_222
100 1 _aDíaz, Vigil,
_d1880-1961
_eautor
_4aut.
_922114
245 1 3 _aDel Sena al Ozama y Fata Morganas /
_cVigil Díaz ; editor, Andrés Blanco Díaz
264 4 _aSanto Domingo :
_bEditor Archivo General de la Nación,
_c©2020.
300 _a356 páginas :
_bretrato ;
_c22 cm.
336 _atexto
_btxt
_2rdacontent
337 _asin mediación
_bn
_2rdamedia
338 _avolumen
_bnc
_2rdacarrier
490 _aColección Archivo General de la Nación
_x386
505 2 _aPresentación --
_tPrimera parte --
_tA orillas del Sena --
_tSegunda parte--
_tA orillas del Ozama--
_tFata Morganas--
_tÍndice onomástico.
590 _aInventariado, 2025/BT
700 1 _aBlanco Díaz, Andrés,
_eeditor
_4ed.
_9172
910 _aMfeliz
942 _2ddc
_cLBS1
999 _c49385
_d49385